000 004540000a22001930004500
999 _c47875
_d47875
001 671
003 CO-MdFUSB
005 20181114154554.0
008 181114b xxu||||| |||| 00| 0 eng d
020 _a0-590-43329-6
040 _cCO-MdBIC
082 0 4 _a813C G15b
100 1 _aDavid, Gantz
245 1 0 _aThe biggesst Valentine / David Gantz
260 _aNew York : Scholastic
300 _a32 p.
650 1 4 _aLiteratura Infantil
942 _cLGB